000 00600nam a2200229Ia 4500
003 OSt
005 20221007080714.0
006 a|||||r|||| 00| 0
007 ta
008 221006b |||||||| |||| 00| 0 eng d
024 _a27,354
037 _cTextual
040 _aFLL
_cFLL
_beng
041 _2eng
_aeng
082 _aZ5:91, E7
100 _aBruncken Ernest
_9695298
245 0 _aScience of legal method
260 _aNew York
_bAugustus M. Kelley New
_c1969
300 _alxxxvi,1-593p
_ccm.
942 _hZ5:91, E7
_cTEXL
_2CC
999 _c1160613
_d1160613